Guess the city by picture-USA - Statistics

General Stats
  • This quiz has been taken 105 times
  • The average score is 9 of 13
Answer Stats
Picture Answer % Correct
New York
94%
Chicago
89%
Los Angeles
89%
Washington
88%
Seattle
87%
Las Vegas
80%
San Francisco
80%
Denver
56%
Anchorage
55%
Philadelphia
53%
Detroit
36%
Houston
34%
Atlanta
24%
No matching quizzes found
Score Distribution
Percent of People with Each Score
Percentile by Number Answered
Your Score History
You have not taken this quiz